Mongolian Provinces - Statistics

General Stats
  • This quiz has been taken 79 times
  • The average score is 15 of 21
Answer Stats
Answer % Correct
Uvs
92%
Selenge
87%
Tov
87%
Arkhangai
84%
Dornod
79%
Khentii
79%
Khovd
79%
Khovsgol
79%
Omnogovi
76%
Bayan-Olgii
74%
Dornogovi
71%
Darkhan-Uul
68%
Dundgovi
68%
Govi-Altai
68%
Zavkhan
68%
Bulgan
66%
Govisumber
66%
Sukhbaatar
66%
Orkhon
61%
Bayankhongor
58%
Ovorkhangai
50%
No matching quizzes found
Score Distribution
Percent of People with Each Score
Percentile by Number Answered
Your Score History
You have not taken this quiz